000 00862nas a2200265 4500
001 BR0808054
003 BR-BrBNA
005 20231205112805.0
007 ta
008 230509b bl.|||p| |||| 00| 00por d
040 _aBR-BrBNA
_bpor
_cBiblioteca Nacional de Agricultura
041 _a(Pt)
072 _aL40
100 1 _aMascarenhas, N.M.F.
100 1 _aIderiha, N.M.
100 1 _aOrsi, A.M.
245 1 _aAlguns eventos morfológicos do processo de reparo de falha óssea diafisária no rádio esquerdo de ratos tratados com fenobarbital
650 _aRATO
650 _aMORFOLOGIA ANIMAL
650 _aOSSO
650 _aRÁDIO
773 0 _tBrazilian Journal of Veterinary Research and Animal Science (Brazil)
_xISSN 1413-9596
_g(1995), v. 36(4/6) p. 188-193
_wBR0808054
909 _a202311
_bLúcia
_c55
_dLúcia Elande
942 _2AGRIS
_n0
_cANA
999 _c200001
_d200001